Cultura general por letra - X - Estadísticas

Estadísticas generales
  • Esta prueba ha sido intentada 1.349 veces
    407 desde el último reinicio
  • La puntuación promedio es 9 de 20
Estadísticas de respuestas
Pista Respuesta % Correcto
20 en números romanos XX
95%
Miedo o rechazo hacia los extranjeros Xenofobia
92%
Grupo de superhéroes mutantes de Marvel X-Men
88%
Exfutbolista español y leyenda del Barcelona Xavi Hernández
86%
Videoconsola Xbox
86%
Instrumento musical de percusión con láminas de mandera Xilófono
82%
Elemento químico usado en lámparas Xenón
73%
Variante gallega del nombre "Juan" Xoán
69%
Ciudad china famosa por los Guerreros de Terracota Xi'an
40%
La Princesa Guerrera Xena
34%
Año jubilar compostelano (en gallego) Xacobeo
27%
Club de fútbol cuyo nombre viene de la antigua denominación de su ciudad Xerez C. D.
27%
Empresa famosa por sus fotocopiadores e improsoras Xerox
19%
Ciudad mexicana, capital del estado de Veracruz Xalapa
16%
'Lenguaje de Marcado Extensible' en informática XML
16%
Parque ecológico en la Riviera Maya Xcaret
14%
Ciudad portuaria de China, en la provincia de Fujian Xiamen
11%
Capital de Kublai Kan Xanadú
9%
Grupo étnico y lengua de Sudáfrica, al que perteneció Nelson Mandela Xhosa
9%
Gran Shah de Persia (en latín) Xerxes I
6%
No se encontraron pruebas coincidentes
Distribución de puntuación
Porcentaje de gente con cada puntuación
Porcentaje por número respondido
Historial de tus puntuaciones
No has intentado esta prueba desde el último reinicio